[Event "HZ Chess Tournament 2019"]
[Site "Vlissingen"]
[Date "2019.08.10"]
[Round "9.45"]
[White "Pang, Khai Jie Ryan"]
[Black "Schakel, Lemmy"]
[Result "1-0"]
[WhiteElo "1770"]
[BlackElo "1911"]
[PlyCount "127"]
[EventCountry "NED"]

1. e4 c5 2. Nf3 a6 3. c3 b5 4. d4 e6 5. Bd3 Bb7 6. O-O Nf6 7. Re1 Be7 8. Nbd2
O-O 9. Nf1 d6 10. Ng3 Nbd7 11. a4 Nb6 12. axb5 c4 13. Bb1 axb5 14. Rxa8 Qxa8
15. Qc2 Qa4 16. Qe2 b4 17. Bd2 Qb3 18. cxb4 Qxb2 19. Qe3 Na4 20. Ne2 Rc8 21.
Nc3 Qxb4 22. e5 Ng4 23. Nxa4 Qxa4 24. Qf4 c3 25. Bc1 Nxf2 26. exd6 Bxd6 27.
Qxd6 c2 28. Ba2 Ne4 29. Qb6 Qa8 30. Ne5 Bd5 31. Bxd5 Qxd5 32. Qa7 Nd6 33. Rf1
f6 34. Nf3 Nb5 35. Qb6 Nc3 36. Qa6 Qc4 37. Qxc4 Rxc4 38. Kf2 Nb5 39. Ke3 Rc3+
40. Kd2 Rc4 41. Bb2 Nd6 42. Rc1 Rb4 43. Rxc2 Nc4+ 44. Kc3 Ne3 45. Kxb4 Nxc2+
46. Kc5 Kf7 47. Bc1 Ke7 48. Kc4 Nxd4 49. Kxd4 e5+ 50. Nxe5 fxe5+ 51. Kxe5 Kf7
52. Kf5 Ke7 53. h4 Kf7 54. g4 Ke7 55. g5 Kf7 56. h5 g6+ 57. hxg6+ hxg6+ 58. Ke5
Ke7 59. Bb2 Kf7 60. Kd6 Kg8 61. Ke6 Kh7 62. Kf6 Kg8 63. Kxg6 Kf8 64. Kh7 1-0

[Event "HZ Chess Tournament 2019"]
[Site "Vlissingen"]
[Date "2019.08.10"]
[Round "9.46"]
[White "Dittmar, Lars"]
[Black "Van de Laar, Andre"]
[Result "1-0"]
[WhiteElo "1882"]
[BlackElo "1699"]
[PlyCount "69"]
[EventCountry "NED"]

1. e4 c5 2. Nf3 a6 3. d4 cxd4 4. Nxd4 Nf6 5. Bd3 e5 6. Nb3 Nc6 7. c4 d6 8. O-O
Be7 9. Nc3 h6 10. f3 Bd7 11. Be3 O-O 12. Rc1 Rc8 13. Qe2 Nb4 14. Bb1 Be6 15.
Nd2 a5 16. a3 Na6 17. Rfd1 Nh7 18. Nd5 Bxd5 19. cxd5 Bg5 20. Qf2 Qd7 21. Nc4
Bxe3 22. Qxe3 Qb5 23. Nxd6 Rxc1 24. Rxc1 Qxb2 25. Nc4 Qd4 26. Qxd4 exd4 27.
Nxa5 Nf6 28. Nb3 Nd7 29. Bd3 Ne5 30. Bxa6 bxa6 31. Nxd4 Rb8 32. Nc6 Nxf3+ 33.
gxf3 Rb3 34. Rd1 Rxa3 35. d6 1-0

[Event "HZ Chess Tournament 2019"]
[Site "Vlissingen"]
[Date "2019.08.10"]
[Round "9.47"]
[White "Minnema, Rens"]
[Black "Wastiaux, Roland"]
[Result "0-1"]
[WhiteElo "1861"]
[BlackElo "1727"]
[PlyCount "102"]
[EventCountry "NED"]

1. e4 c5 2. Nf3 e6 3. d4 cxd4 4. Nxd4 a6 5. Be3 Qc7 6. Be2 Nf6 7. Nd2 Nc6 8.
Nxc6 dxc6 9. O-O Be7 10. f4 c5 11. c4 e5 12. f5 b6 13. g4 Bb7 14. Bf3 Rd8 15.
Qe2 h6 16. Rad1 Nh7 17. Nb1 O-O 18. Nc3 Bg5 19. Nd5 Bxd5 20. cxd5 Bxe3+ 21.
Qxe3 Qd6 22. h4 f6 23. Rc1 Rc8 24. Be2 b5 25. a4 c4 26. b3 bxa4 27. bxc4 Rc5
28. Ra1 Ra5 29. Ra3 Rb8 30. Rc1 Rb3 31. Rxb3 axb3 32. Qxb3 Qc5+ 33. Kg2 Ra3 34.
Qd1 Qe3 35. Bf3 Ra2+ 36. Rc2 Rxc2+ 37. Qxc2 Qc5 38. Qc3 Nf8 39. d6 Nd7 40. Qd3
Kf8 41. Bd1 Qd4 42. Qxd4 exd4 43. Kf2 Nc5 44. Bc2 a5 45. g5 a4 46. gxh6 gxh6
47. Ke2 Ke8 48. Bxa4+ Nxa4 49. Kd3 Kd7 50. Kxd4 Kxd6 51. e5+ fxe5+ 0-1

[Event "HZ Chess Tournament 2019"]
[Site "Vlissingen"]
[Date "2019.08.10"]
[Round "9.48"]
[White "Timmermans, Adri"]
[Black "Wagner, Margarethe"]
[Result "1/2-1/2"]
[WhiteElo "1860"]
[BlackElo "1660"]
[PlyCount "81"]
[EventCountry "NED"]

1. b4 e5 2. Bb2 d6 3. c4 Be6 4. e3 Nf6 5. Nf3 h6 6. a4 Nbd7 7. Nc3 Be7 8. Be2
c6 9. b5 d5 10. d4 e4 11. Nd2 Rc8 12. O-O O-O 13. f3 exf3 14. Bxf3 dxc4 15.
bxc6 bxc6 16. Qe2 Nb6 17. a5 Nbd5 18. Nxc4 c5 19. Nxd5 Bxd5 20. Bxd5 Qxd5 21.
Rac1 Rfe8 22. Qf3 Qxf3 23. gxf3 cxd4 24. Bxd4 Bc5 25. Bxc5 Rxc5 26. Nd6 Rxc1
27. Rxc1 Rxe3 28. Rc8+ Kh7 29. Nxf7 Ra3 30. Rh8+ Kg6 31. Ne5+ Kf5 32. Nd7 Kf4
33. Kg2 Ra2+ 34. Kh3 Kxf3 35. Ne5+ Ke4 36. Nc4 Rc2 37. Nd6+ Kf4 38. Rb8 Rc3+
39. Kg2 Rc2+ 40. Kh3 Rc3+ 41. Kg2 1/2-1/2

[Event "HZ Chess Tournament 2019"]
[Site "Vlissingen"]
[Date "2019.08.10"]
[Round "9.49"]
[White "Braun, Eric"]
[Black "Altenbernd, Dirk"]
[Result "0-1"]
[WhiteElo "1602"]
[BlackElo "1859"]
[PlyCount "40"]
[EventCountry "NED"]

1. d4 g6 2. c4 Bg7 3. Nc3 d6 4. Nf3 e5 5. Bg5 f6 6. Bc1 Nh6 7. h3 Nd7 8. e3 O-O
9. b3 Nf7 10. Bb2 f5 11. Qd2 c6 12. O-O-O exd4 13. Nxd4 Nc5 14. g3 a5 15. Bg2
a4 16. Qc2 Qa5 17. f4 axb3 18. axb3 Qb4 19. Rhe1 Bd7 20. e4 Bxd4 0-1

[Event "HZ Chess Tournament 2019"]
[Site "Vlissingen"]
[Date "2019.08.10"]
[Round "9.50"]
[White "Brouwer, Willem"]
[Black "Boecker, Juergen"]
[Result "0-1"]
[WhiteElo "1705"]
[BlackElo "1858"]
[PlyCount "78"]
[EventCountry "NED"]

1. d4 Nf6 2. Bf4 g6 3. e3 Bg7 4. Nf3 O-O 5. h3 d6 6. c3 c5 7. Bd3 Be6 8. Nbd2
Qb6 9. Qc2 Rc8 10. dxc5 Qxc5 11. O-O Nd5 12. Nb3 Qb6 13. Qd1 Nc6 14. Bg3 a5 15.
Qd2 Ne5 16. Nxe5 dxe5 17. Nc1 a4 18. a3 Rd8 19. Qe2 Qc5 20. Bc2 f5 21. Nd3 Qc4
22. Rfe1 e4 23. Nf4 Nxf4 24. Bxf4 Qc6 25. Red1 Bc4 26. Qe1 Qb5 27. Rxd8+ Rxd8
28. Qc1 Qc6 29. Qe1 b5 30. Rd1 Bd3 31. Rd2 Rd7 32. Qd1 Qc4 33. Bg3 Rd5 34. Bxd3
Rxd3 35. Rxd3 exd3 36. Bh4 e5 37. Be7 e4 38. f3 Qa2 39. Qd2 Qb1+ 0-1

[Event "HZ Chess Tournament 2019"]
[Site "Vlissingen"]
[Date "2019.08.10"]
[Round "9.51"]
[White "Sow, MiaoGeng Malcolm"]
[Black "Westerweele, Maarten"]
[Result "1-0"]
[WhiteElo "1525"]
[BlackElo "1847"]
[PlyCount "37"]
[EventCountry "NED"]

1. e4 e6 2. d4 d5 3. Nc3 Bb4 4. e5 Ne7 5. Bd2 b6 6. f4 Ba6 7. Nf3 Nf5 8. Bxa6
Nxa6 9. Qe2 Bxc3 10. Qxa6 Bxd2+ 11. Kxd2 O-O 12. Qd3 c5 13. c3 h6 14. Rhg1 Rc8
15. g4 Nh4 16. g5 Nxf3+ 17. Qxf3 hxg5 18. Rxg5 f6 19. Rxg7+ 1-0